| 000 | 02879cpcaa2200541 a 4500 | ||
|---|---|---|---|
| 001 | mm 78022889 | ||
| 003 | DLC | ||
| 005 | 20260227111624.0 | ||
| 008 | 780608|||||||||||| eng | ||
| 010 |
_amm 78022889 _bms 68002036 |
||
| 040 |
_aDLC _edacs _cDLC _dDLC |
||
| 072 | 7 |
_aC _2lcmd |
|
| 245 | 0 | 0 |
_aGist family papers, _f1776-1865. |
| 300 |
_a75 _fitems. |
||
| 300 |
_a1 _fcontainer. |
||
| 300 |
_a0.2 _flinear feet. |
||
| 506 | 0 | _aOpen to research. | |
| 520 | 8 | _aIncludes letters (1776-1778) of John McClure and William Sterett to Mordecai Gist relating to the Revolution in Maryland; letters (1847-1853) of W. W. H. Gist while serving in the Mexican War in New Mexico and while in California; and letters from various family members who served in the 6th Maryland Infantry and the 17th Kentucky Infantry during the Civil War relating to action in Maryland, Virginia, and Tennessee. Includes a map of military installations around the Delaware and Schuylkill Rivers at the time of the Revolution. Correspondents include Branford Gist, George W. Gist, Mary Gist, and Richard J. Gist. | |
| 533 |
_aIn part, photocopies. _b[S.l.]. |
||
| 545 | 0 | _aMembers of the Gist family in Maryland and Missouri. | |
| 546 | _aCollection material in English. | ||
| 600 | 1 | 0 |
_aGist, Mary _vCorrespondence. |
| 600 | 1 | 0 |
_aGist, Mordecai, _d1742-1792 _vCorrespondence. |
| 600 | 1 | 0 |
_aGist, Branford, _d1843-1863 _vCorrespondence. |
| 600 | 1 | 0 |
_aGist, George Washington, _d1819-1895 _vCorrespondence. |
| 600 | 1 | 0 |
_aGist, Richard J. _vCorrespondence. |
| 600 | 1 | 0 |
_aGist, W. W. H. _vCorrespondence. |
| 600 | 1 | 0 |
_aMcClure, John, _dapproximately 1730-1780 _vCorrespondence. |
| 600 | 1 | 0 |
_aSterett, William _vCorrespondence. |
| 600 | 3 | 0 | _aGist family. |
| 610 | 1 | 0 |
_aUnited States. _bArmy. _bKentucky Infantry Regiment, 17th (1861-1865) |
| 610 | 1 | 0 |
_aUnited States. _bArmy. _bMaryland Infantry Regiment, 6th (1862-1865) |
| 650 | 0 | _aMexican War, 1846-1848. | |
| 651 | 0 |
_aCalifornia _xDescription and travel. |
|
| 651 | 0 |
_aDelaware River Valley (N.Y.-Del. and N.J.) _xHistory _yRevolution, 1775-1783. |
|
| 651 | 0 |
_aKentucky _xHistory _yCivil War, 1861-1865 _xCampaigns. |
|
| 651 | 0 |
_aMaryland _xHistory _yCivil War, 1861-1865. |
|
| 651 | 0 |
_aMaryland _xHistory _yRevolution, 1775-1783. |
|
| 651 | 0 |
_aNew Mexico _xHistory _yTo 1848. |
|
| 651 | 0 |
_aPennsylvania _xHistory _yRevolution, 1775-1783. |
|
| 651 | 0 |
_aSchuylkill River Valley (Pa.) _xHistory. |
|
| 651 | 0 |
_aTennessee _xHistory _yCivil War, 1861-1865 _xCampaigns. |
|
| 651 | 0 |
_aUnited States _xHistory _yCivil War, 1861-1865 _xCampaigns. |
|
| 651 | 0 |
_aUnited States _xHistory _yRevolution, 1775-1783. |
|
| 651 | 0 |
_aVirginia _xHistory _yCivil War, 1861-1865 _xCampaigns. |
|
| 999 |
_c39882 _d39882 |
||